000 01015nam a2200349 c 4500
999 _c113822
_d113822
003 BLK
005 20220321111738.0
008 180409b bul|||||r ||||||| ||bul||
010 _aKNG00119242000
040 _aBLK
041 _aFRE
_cFRE
080 _aШвейцарска литература на френски език
_b821.133.1(494)
_x-992
_z821.133.1(494)-992
100 1 _aTopffer, Rodolphe
_eпърви автор
_926472
139 _aTopffer, Rodolphe
_bT 75
245 1 0 _aLe tour du lac
_bUn voyage a Venise
_cRodolphe Topffer.
257 _aSWI
260 _aParis
_bHenri Gautier
_c1887
300 _a35 p.
_c19 cm
380 _aX
490 1 _aNouvelle Bibliotheque Populaire
_v64
490 _aКолекция Редки и ценни издания
_9435080
500 _aПодв. с Esquisses humoristiques / Charles Dickens и инв. № 120000746263
651 4 _aВенеция
_9178701
651 4 _aИталия
_9178965
653 _aВенеция
653 _aпътеписи
659 _aЦ
852 _aРф 887
_bРц
856 4 _qpdf
856 4 _qpdf
942 _cKNG
_n0
_s1
944 _aCR
_c05.03.2010
_kЛюдмила_Стоянова
944 _aED
_c05.10.2010
999 _d113822
999 _d113822
999 _d113822